[Event "Elista ol (Men)"]
[Site "Elista"]
[Date "1998.10.12"]
[Round "13"]
[White "Pazos, Plinio"]
[Black "Cobb, James"]
[Result "0-1"]
[WhiteElo "2305"]
[BlackElo "2305"]

1.d4 Nf6 2.c4 e6 3.Nf3 b6 4.a3 Bb7 5.Nc3 d5 6.cxd5 Nxd5 7.e3 Be7 8.Bb5+ c6
9.Bd3 O-O 10.O-O c5 11.e4 Nxc3 12.bxc3 cxd4 13.cxd4 Nd7 14.Qe2 Rc8 15.Bb2 Nf6
16.Rfe1 Rc7 17.Rad1 Qa8 18.Bb1 Rd8 19.Qd3 g6 20.Qe3 Qc8 21.Ne5 Bf8 22.Rc1 Bg7
23.a4 Rxc1 24.Rxc1 Qa8 25.Re1 Ne8 26.Ng4 Rd7 27.Qf4 Nd6 28.Nf6+ Bxf6 29.Qxf6 Qd8
30.Qf4 Nc4 31.Bc3 Qc7 32.Qc1 Qd6 33.Bd3 Rc7 34.Qa1 Ne5 35.Bf1 Ng4 36.g3 Qc6
37.Bb2 Qc2 38.Re2 Qb3 39.h3 Nf6 40.d5 Ne8 41.Re3 Qc2 42.Bb5 Nd6 43.Bd3 Qd2
44.Bf1 exd5 45.Rd3 Qc2 46.exd5 Ba6 47.Rd1 Ne4 48.Bd4 Bxf1 49.Rxf1 Nd2 50.Rd1 Nb3
51.Re1 Rc8 52.Qb2 Qxb2 53.Bxb2 Kf8 54.d6 Nc5 55.Bf6 Nd7 56.Bg5 f6 57.Bh6+ Kg8
58.Re7 Rd8 59.Kf1 a6 60.Ke2 Nc5 61.Rg7+ Kh8 62.Rc7 Ne6 63.Re7 Nd4+ 64.Kf1 Nf5
65.Rb7 Nxh6 66.Rxb6  0-1

[Event "VAM Hoogeveen op"]
[Site "Hoogeveen"]
[Date "1998.10.16"]
[Round "1"]
[White "Ligterink, Gert"]
[Black "Wunnink, Michael"]
[Result "0-1"]
[WhiteElo "2425"]
[BlackElo "2105"]

1.d4 Nf6 2.c4 e6 3.Nf3 b6 4.a3 Ba6 5.Qc2 Bb7 6.Nc3 c5 7.dxc5 Bxc5 8.Bg5 O-O
9.e3 Be7 10.Be2 d6 11.O-O Nbd7 12.Rfd1 a6 13.b4 Qc7 14.Rac1 Rfc8 15.Qb1 Qb8
16.Bf4 h6 17.Nd2 Bc6 18.Nde4 Qb7 19.Bf3 Nxe4 20.Nxe4 d5 21.cxd5 Bxd5 22.Nd6 Bxd6
23.Bxd5 exd5 24.Bxd6 Rc4 25.Bf4 Rac8 26.Rxc4 dxc4 27.Qf5 Nf8 28.Be5 Ne6 29.Bc3 Qe7
30.h4 Rd8 31.Rxd8+ Qxd8 32.h5 Qd1+ 33.Kh2 Qd6+ 34.f4 b5 35.Qe4 Qd8 36.Qe5 Qh4+
37.Kg1 Qg4 38.Qd5 Qe2 39.Qe5 Qd1+ 40.Kh2 Qg4 41.f5 Nf8 42.f6 Qh4+ 43.Kg1 Qxf6
44.Qxf6 gxf6 45.Bxf6 Nd7 46.Bd4 f5 47.e4 fxe4 48.Kf2 Kf7 49.Ke3 Nf6 50.Kf4 Nxh5+
51.Kxe4 Ke6 52.Be5 Nf6+ 53.Kd4 h5 54.Bg3 Nd7 55.Bc7 Nf6 56.Bg3 Kf5 57.a4 Ne4
58.axb5 axb5 59.Bc7 Nd2 60.Bb8 Nb3+ 61.Ke3 Ke6 62.Ke4 Nc1 63.Kd4 Na2 64.Kc5 Kf5  0-1

[Event "SWE-chT 9899"]
[Site "Sweden"]
[Date "1998.10.17"]
[Round "2"]
[White "Eriksson, Magnus"]
[Black "Schneider, Lars Ake"]
[Result "1/2-1/2"]
[WhiteElo "2360"]
[BlackElo "2385"]

1.d4 Nf6 2.c4 e6 3.Nf3 b6 4.a3 d5 5.Nc3 Be7 6.Bg5 O-O 7.cxd5 exd5 8.Qc2 Bb7
9.e3 Nbd7 10.Bd3 Ne4 11.Bxe7 Qxe7 12.b4 Rac8 13.b5 c5 14.bxc6 Bxc6 15.Ba6 Bb7
16.Bxb7 Rxc3 17.Qa2 Ndf6 18.Ba6 Qc7 19.O-O Rc2 20.Qb3 Ng4 21.Qxd5 Nd2 22.g3 Nxf1
23.Rxf1 Qc6 24.Qxc6 Rxc6 25.h3 Nf6 26.Ne5 Rc3 27.Ra1 Ne4 28.Kg2 Nd6 29.a4 f6
30.Nd3 b5 31.Nc5 b4 32.Rb1 Rb8 33.Nd7 Rd8 34.Nc5 Rb8 35.Nd7 Rd8 36.Nc5 b3
37.Rxb3 Rxb3 38.Nxb3 Rb8 39.Nc5 Rb2 40.Kf3 Kf7 41.h4 Ke7 42.Bd3 h6 43.g4 a5
44.h5 Nb7 45.Nxb7 Rxb7 46.Ke4 Rb2 47.f3 Rb4 48.Bb5 Rb3 49.Bc6 Kd6 50.Bb5 Ke7
51.Bc6 Kd6  1/2-1/2

[Event "Cap d'Agde-A"]
[Site "Cap d'Agde"]
[Date "1998.10.25"]
[Round "1"]
[White "Vescovi, Giovanni"]
[Black "Karpov, Anatoly"]
[Result "1/2-1/2"]
[WhiteElo "2525"]
[BlackElo "2725"]

1.d4 Nf6 2.c4 e6 3.Nf3 b6 4.a3 Bb7 5.Nc3 d5 6.cxd5 exd5 7.Qa4+ c6 8.g3 Bd6
9.Bg2 O-O 10.O-O Re8 11.Bf4 Bxf4 12.gxf4 Nfd7 13.b4 b5 14.Qc2 a5 15.bxa5 Qxa5
16.Ne5 Nb6 17.e4 f6 18.Nd3 Na6 19.e5 Bc8 20.Ne2 Nc4 21.Ng3 Qd2 22.Qb3 Na5
23.Qb1 Qc3 24.Ne2 Qb3 25.Nb4 Qxb1 26.Rfxb1 Bf5 27.Nxc6 Nc7 28.Rc1 Nb3 29.Nb4 Nxc1
30.Rxc1 Ra7 31.Nxd5  1/2-1/2

[Event "ISL-ch"]
[Site "Arborg"]
[Date "1998.10.27"]
[Round "1"]
[White "Thorfinnsson, Bragi"]
[Black "Einarsson, Bergsteinn"]
[Result "1-0"]
[WhiteElo "2235"]
[BlackElo "2210"]

1.d4 Nf6 2.c4 e6 3.Nf3 b6 4.a3 Bb7 5.Nc3 d5 6.cxd5 Nxd5 7.e3 g6 8.Bb5+ c6
9.Bd3 Bg7 10.e4 Nxc3 11.bxc3 O-O 12.Bg5 Qc7 13.Qd2 Re8 14.Bh6 Bh8 15.h4 c5
16.h5 Nc6 17.hxg6 fxg6 18.Bf4 Qd7 19.Ng5 Re7 20.Bc4 Na5 21.Ba2 c4 22.Qe3 b5
23.Qg3 Nc6 24.Rd1 Rd8 25.e5 Nb8 26.Bb1 Rf8 27.Be3 Rg7 28.Ke2 h5 29.Ne4 Bxe4
30.Bxe4  1-0

[Event "Wch U18"]
[Site "Oropesa del Mar"]
[Date "1998.10.27"]
[Round "3"]
[White "Riazantsev, Alexander"]
[Black "Fedorchuk, Sergey A"]
[Result "0-1"]
[WhiteElo "2335"]
[BlackElo "2415"]

1.d4 Nf6 2.c4 e6 3.Nf3 b6 4.a3 Bb7 5.Nc3 Ne4 6.Nxe4 Bxe4 7.e3 Be7 8.Bd3 Bg6
9.Bxg6 hxg6 10.e4 d6 11.O-O Nd7 12.b4 Nf6 13.Qe2 c6 14.Bf4 O-O 15.Rfe1 Re8
16.Rad1 d5 17.exd5 exd5 18.Qc2 a5 19.Ne5 Rc8 20.Rb1 axb4 21.axb4 Bd6 22.Rec1 Re6
23.c5 Bxe5 24.dxe5 Nh5 25.Bd2 b5  0-1

[Event "Cap d'Agde KO"]
[Site "Cap d'Agde"]
[Date "1998.10.28"]
[Round "1.2"]
[White "Adianto, Utut"]
[Black "Karpov, Anatoly"]
[Result "1-0"]
[WhiteElo "2610"]
[BlackElo "2725"]

1.d4 Nf6 2.c4 e6 3.Nf3 b6 4.a3 Bb7 5.Nc3 d5 6.Bg5 Be7 7.e3 O-O 8.Bxf6 Bxf6
9.cxd5 exd5 10.Bd3 c5 11.O-O g6 12.Rc1 Nc6 13.Bb1 c4 14.Re1 Bg7 15.b3 cxb3
16.Qxb3 Na5 17.Qa2 a6 18.h4 Qd6 19.e4 dxe4 20.Bxe4 b5 21.h5 Rad8 22.hxg6 hxg6
23.Ne5 Bxe4 24.Nxe4 Qxd4 25.Nxg6 Qb2 26.Ne7+ Kh8 27.Rc5 f5 28.Ng6+ Kh7 29.Nxf8+ Rxf8
30.Qe6  1-0

[Event "Hampstead IM4"]
[Site "Hampstead"]
[Date "1998.10.28"]
[Round "4"]
[White "Christensen, Thomas"]
[Black "Pigott, John C"]
[Result "0-1"]
[WhiteElo "2290"]
[BlackElo "2370"]

1.d4 Nf6 2.Nf3 e6 3.c4 b6 4.a3 Bb7 5.Nc3 d5 6.cxd5 Nxd5 7.Qc2 Be7 8.e4 Nxc3
9.bxc3 Nd7 10.Bd3 c5 11.Bb2 Qc7 12.Qb1 O-O 13.e5 h6 14.h4 cxd4 15.cxd4 Bd5
16.Rh3 Rac8 17.Ng5 f5 18.Qd1 hxg5 19.hxg5 g6 20.g4 b5 21.gxf5 exf5 22.Qd2 Nb6
23.Bxb5 Qc2 24.f4 Qe4+ 25.Qe3 Qxe3+ 26.Rxe3 Rc2 27.Bc3 Bc4 28.Bxc4+ Nxc4
29.Rd3 Bxa3 30.d5 Rxc3 31.Rxc3 Bb4 32.Rc1 Nb6 33.Ke2 Bxc3 34.Rxc3 Nxd5 35.Rc6 Kg7
36.Kf3 Rf7 37.Rd6 Nb6 38.Rc6 Re7 39.Ke3 Nd5+ 40.Kf3 Nb4 41.Rc4 Nd5 42.Rc5 Nb4
43.Ke3 Kf7 44.Rb5 Nc6 45.Kd3 Nd8 46.Ke3 Rb7 47.Ra5 Ne6 48.Ra6 Rb3+ 49.Kd2 Nxf4  0-1

[Event "Najdorf op"]
[Site "Buenos Aires"]
[Date "1998.10.31"]
[Round "8"]
[White "Soppe, Guillermo"]
[Black "Sunye Neto, Jaime"]
[Result "1-0"]
[WhiteElo "2455"]
[BlackElo "2520"]

1.d4 Nf6 2.c4 e6 3.Nf3 b6 4.a3 Bb7 5.Nc3 d5 6.Bg5 Be7 7.Bxf6 Bxf6 8.cxd5 exd5
9.Qb3 O-O 10.Rd1 c5 11.e3 Nc6 12.dxc5 Na5 13.Qc2 bxc5 14.Be2 Rc8 15.O-O Re8
16.Qa4 a6 17.Rd2 d4 18.exd4 Bc6 19.Qd1 Bxf3 20.Bxf3 Nc4 21.Re2 Rxe2 22.Qxe2 cxd4
23.Nd5 Ne5 24.Nxf6+ Qxf6 25.Be4 g6 26.h3 Rd8 27.Bd3 Rd6 28.Rd1 Kg7 29.Qd2 h5
30.b4 g5 31.Re1 Rc6  1-0

[Event "Najdorf op"]
[Site "Buenos Aires"]
[Date "1998.11.01"]
[Round "9"]
[White "Krasenkow, Michal"]
[Black "Ricardi, Pablo"]
[Result "1/2-1/2"]
[WhiteElo "2655"]
[BlackElo "2545"]

1.Nf3 Nf6 2.c4 e6 3.d4 b6 4.a3 Ba6 5.Qc2 Bb7 6.Nc3 c5 7.e4 cxd4 8.Nxd4 Nc6
9.Nxc6 Bxc6 10.Bf4 Nh5 11.Be3 Bc5 12.Bxc5 bxc5 13.g3 O-O 14.Bg2 Nf6 15.O-O Qc7
16.f4 d6 17.Rad1 Rad8 18.Rd2 e5 19.fxe5 dxe5 20.Nd5 Bxd5 21.cxd5 Qd6 22.Rc1 Rc8
23.Bh3 Rc7 24.Qd3 Rb8 25.Rdc2 a5 26.Qe3 g6 27.Bg2  1/2-1/2

[Event "Wch U16"]
[Site "Oropesa del Mar"]
[Date "1998.11.02"]
[Round "7"]
[White "Dziuba, Marcin"]
[Black "Vavrak, Peter"]
[Result "0-1"]
[WhiteElo "2280"]
[BlackElo "2200"]

1.d4 e6 2.c4 Nf6 3.Nf3 b6 4.a3 Bb7 5.Nc3 d6 6.Qc2 c5 7.e4 cxd4 8.Nxd4 Nbd7
9.Be2 Be7 10.O-O Rc8 11.Rd1 a6 12.b3 O-O 13.Bb2 Qc7 14.Rac1 Rfe8 15.f3 Qb8
16.Qd2 d5 17.cxd5 Bd6 18.g3 exd5 19.Nxd5 Nxd5 20.Rxc8 Bxc8 21.Nc6 Qc7 22.Qxd5 Bxg3
23.hxg3 Qxg3+ 24.Kf1 Nf6 25.Qf5 Bxf5 26.exf5 Qh3+ 27.Ke1 Qxf3 28.Nd4 Qe3
29.Bc1 Qg1+  0-1

[Event "ISL-ch"]
[Site "Arborg"]
[Date "1998.11.06"]
[Round "10"]
[White "Thorfinnsson, Bragi"]
[Black "Stefansson, Hannes"]
[Result "0-1"]
[WhiteElo "2235"]
[BlackElo "2535"]

1.d4 Nf6 2.c4 e6 3.Nf3 b6 4.a3 Ba6 5.Qc2 Bb7 6.Nc3 c5 7.dxc5 Bxc5 8.e3 O-O
9.Be2 a6 10.O-O Qc7 11.e4 Nc6 12.b4 Nd4 13.Qd1 Nxf3+ 14.Bxf3 Bd6 15.h3 Be5
16.Bb2 Nxe4 17.Nxe4 Bxb2 18.Ra2 Be5 19.Qd3 h6 20.Rc2 d6 21.Re1 Rfd8 22.Nd2 Rac8
23.Bxb7 Qxb7 24.Nf3 Bf6 25.Rec1 Rc6 26.Nd4 Rc7 27.Nb3 Bg5 28.Rd1 Be7 29.Nd4 Rdc8
30.b5 axb5 31.cxb5 Rxc2 32.Nxc2 d5 33.Nd4 Ra8 34.Ra1 Bf6 35.Ra2 Bxd4 36.Qxd4 Rc8
37.Qe5 Rc1+ 38.Kh2 Qc7 39.Qxc7 Rxc7 40.a4 Kf8 41.a5 bxa5 42.Rxa5 Rb7  0-1

[Event "SLO-chT"]
[Site "Bled"]
[Date "1998.11.09"]
[Round "3"]
[White "Soln, Primoz"]
[Black "Brglez, Rado"]
[Result "1-0"]
[WhiteElo "2470"]
[BlackElo "2260"]

1.d4 Nf6 2.c4 e6 3.Nf3 b6 4.a3 Bb7 5.Nc3 d5 6.cxd5 Nxd5 7.Qc2 Nd7 8.e4 Nxc3
9.bxc3 c5 10.Bf4 Be7 11.Bd3 cxd4 12.cxd4 Rc8 13.Qb3 Nf6 14.Qb5+ Kf8 15.Qb1 Rc3
16.O-O Qa8 17.Nd2 Rxa3 18.Rxa3 Bxa3 19.Qb3 Be7 20.Rc1 Ne8 21.Qa4 g5 22.Be5 Bf6
23.Qd7 Bxe5 24.dxe5 h6 25.Bb5 Qb8 26.Qxe8+ Qxe8 27.Bxe8 Kxe8 28.Rc7 Ba6 29.Rxa7 Bc8
30.Nc4 Kf8 31.Nxb6 Kg7 32.h3 Rd8 33.Kh2 Rf8 34.g4 Re8 35.Kg3 Rf8 36.f3 Re8
37.h4 Rf8 38.hxg5 hxg5 39.Kf2 Re8 40.Ke3 Rf8 41.Nc4 Re8 42.Ra8 Rf8 43.Ra7 Re8
44.Nb6 Rf8 45.Kd4 Rd8+ 46.Kc3 Rd1 47.Kc2 Rd4 48.Kc3 Rd1 49.Kb2 Rd2+ 50.Kb3 Rd8
51.Ra8 Rd3+ 52.Kc4 Rxf3 53.Nxc8 Rf4 54.Nd6 Rxg4 55.Ne8+ Kg6 56.Nf6 Rg1 57.Kc5 Rd1
58.Kc6 Rb1 59.Rg8+ Kh6 60.Kc7 Rb5 61.Kd6 Rb6+ 62.Ke7 Rb7+ 63.Nd7 Kh5 64.Rd8 Kg6
65.Rg8+ Kh5 66.Rg7 g4 67.Rxf7  1-0

[Event "SLO-chT"]
[Site "Bled"]
[Date "1998.11.10"]
[Round "4"]
[White "Osterman, Rudolf"]
[Black "Illijin, Neboisa"]
[Result "1-0"]
[WhiteElo "2385"]
[BlackElo "2290"]

1.d4 Nf6 2.c4 e6 3.Nf3 b6 4.a3 Bb7 5.Nc3 d5 6.cxd5 Nxd5 7.Qc2 Nd7 8.e4 Nxc3
9.bxc3 Be7 10.Bd3 c5 11.O-O O-O 12.Qe2 Qc8 13.Bf4 c4 14.Bc2 a6 15.a4 Re8
16.h4 b5 17.a5 Bf8 18.Rfe1 f6 19.e5 f5 20.Ng5 Qc6 21.f3 Qc7 22.Kh2 Bd5 23.g4 h6
24.Nh3 Qd8 25.Qf2 Be7 26.gxf5 Bxh4 27.Bg3 Bxg3+ 28.Qxg3 exf5 29.Nf4 Nf8 30.Nxd5 Qxd5
31.Bxf5 Ra7 32.Be4 Qf7 33.f4 Kh8 34.Re3 Rc7 35.d5 b4 36.d6 Rcc8 37.cxb4 c3
38.Rc1 c2 39.Rxc2 Rxc2+ 40.Bxc2 Rc8 41.Bb3 Qb7 42.e6 Rc1 43.Qf3  1-0

[Event "SLO-chT"]
[Site "Bled"]
[Date "1998.11.13"]
[Round "7"]
[White "Osterman, Rudolf"]
[Black "Kovac, Boris"]
[Result "1/2-1/2"]
[WhiteElo "2385"]
[BlackElo "2270"]

1.d4 Nf6 2.c4 e6 3.Nf3 b6 4.a3 Ba6 5.e3 d5 6.b3 Bd6 7.Nbd2 O-O 8.Bd3 Bb7
9.Qc2 Nbd7 10.Bb2 Re8 11.Ne5 Nf8 12.O-O c5 13.f4 Rc8 14.Rae1 a5 15.a4 g6
16.Qb1 Qe7 17.Re2 Rc7 18.h3 cxd4 19.exd4 Nh5 20.Ref2 Ng3 21.Re1 f5 22.Nf1 Nxf1
23.Rfxf1 Nd7 24.Re3 Nf6 25.Qe1 Qf8 26.Qh4 Be7 27.Qf2 Qh6 28.Re2 Bd6 29.Rc2 Rec8
30.Bc1 Qf8 31.Be3 Qe7 32.Kh2 Bb4 33.Rg1 dxc4 34.Nxc4 Be4 35.Bxe4 Nxe4 36.Qe2 Nc3
37.Qd3 Nd5 38.Bc1 Rc6 39.g4 Rf8 40.g5 Qc7 41.Rf1 Re8 42.Qf3 Qb8 43.Re2 Rd8
44.Bb2 b5 45.Ne5 Rcc8 46.Nd3 bxa4 47.bxa4 Bc3 48.Qf2 Bxb2 49.Rxb2 Qd6 50.Nc5 Rb8
51.Rb7 Qa6 52.Rfb1  1/2-1/2

[Event "Owens Corning"]
[Site "Wrexham"]
[Date "1998.11.18"]
[Round "1"]
[White "Pedersen, Steffen"]
[Black "Brynell, Stellan"]
[Result "1-0"]
[WhiteElo "2415"]
[BlackElo "2485"]

1.d4 e6 2.c4 Nf6 3.Nf3 b6 4.a3 c5 5.d5 Ba6 6.Qc2 exd5 7.cxd5 g6 8.Nc3 Bg7
9.g3 O-O 10.Bg2 d6 11.O-O Nbd7 12.Bf4 Qe7 13.Rfe1 Rfe8 14.Rad1 b5 15.e4 b4
16.Na4 bxa3 17.e5 dxe5 18.Nxe5 Rac8 19.bxa3 Nh5 20.Nf3 Qf6 21.Bg5 Qd6 22.Nd2 h6
23.Rxe8+ Rxe8 24.Be3 c4 25.Nxc4 Qc7 26.Rc1 Rc8 27.Bf1 Ne5 28.Nc5 Bxc4 29.Bxc4 Qa5
30.d6 Qxa3 31.Qd1 Nf6 32.Be2 Rd8 33.Ra1 Qb4 34.Rxa7 Nfg4 35.Bxg4 Nxg4 36.Qf3 Ne5
37.Qd5 Qc4 38.Qxc4 Nxc4 39.d7 Nxe3 40.Rc7 Bf6 41.fxe3 Kf8 42.Nb7 Ke7 43.Nxd8 Kxd8
44.Ra7 Be5 45.Kf2 Bc7 46.Kf3 Kxd7 47.Ke4 Kc6 48.Ra6+ Kd7 49.Kd5 Bd8 50.e4 Bg5
51.e5 Ke7 52.Ra7+ Kf8 53.e6 fxe6+ 54.Kxe6 Kg8 55.Rb7 h5 56.h4 Bd2 57.Kf6  1-0

[Event "Wch U20 Girls"]
[Site "Calicut"]
[Date "1998.11.21"]
[Round "5"]
[White "Bobrowska, Monika"]
[Black "Subbaraman, Vijayalakshmi"]
[Result "1-0"]
[WhiteElo "2470"]
[BlackElo "2335"]

1.d4 Nf6 2.Nf3 e6 3.c4 b6 4.a3 Bb7 5.Nc3 d5 6.cxd5 exd5 7.Bg5 Be7 8.Bxf6 Bxf6
9.e3 Nd7 10.Bd3 O-O 11.O-O Re8 12.Rc1 a6 13.b4 Qe7 14.Qb3 Qd6 15.b5 c5 16.bxa6 c4
17.Nb5 Qe7 18.Bxh7+ Kh8 19.Qb1 Rxa6 20.Nc7 g6 21.Nxa6 Kxh7 22.Nb4 Ra8 23.Rc3 b5
24.Qd1 Qf8 25.Nd2 Be7 26.Qf3 Nf6 27.Rb1 Kg7 28.g4 Qd8 29.Qd1 Ra4 30.f3 Qa8
31.Qc1 Qa5 32.Qb2 Nd7 33.Nc2 Bc6 34.e4 Qa7 35.exd5 Bxd5 36.Qxb5 Ra5 37.Qb2 Bg5
38.Nxc4 Bxc4 39.Rxc4 Ne5 40.Rc3 Bd2 41.Rb3 Nc4 42.Qa2 Qe7 43.Rd3 Qe2 44.Qxc4 Bf4
45.d5 Bxh2+ 46.Kh1 Be5 47.f4 Ra8 48.Qb3 Rb8 49.fxe5 Rxb3 50.Rbxb3 Qxc2 51.d6 Qc1+
52.Kg2 Qf4 53.d7 Qxg4+ 54.Kf2 Qf4+ 55.Ke2 Qxe5+ 56.Kd2 Qh2+ 57.Kc1 Qg1+ 58.Kc2 Qf2+
59.Rd2 Qf5+ 60.Kb2 Qf6+ 61.Ka2 Qd8 62.Rc3 Qa5 63.d8=Q  1-0

[Event "Iona Tech Masters"]
[Site "Kilkenny"]
[Date "1998.11.28"]
[Round "4"]
[White "Short, Philip M"]
[Black "Jackson, Sheila"]
[Result "1-0"]
[WhiteElo "2295"]
[BlackElo "2165"]

1.d4 Nf6 2.c4 e6 3.Nf3 b6 4.a3 Bb7 5.Nc3 Be7 6.d5 d6 7.e4 c5 8.Bd3 e5 9.O-O O-O
10.Ne1 Nbd7 11.g3 Ne8 12.f4 g6 13.f5 Bg5 14.Nf3 Bxc1 15.Qxc1 Qf6 16.g4 gxf5
17.exf5 Qg7 18.Kh1 Kh8 19.g5 f6 20.Rg1 fxg5 21.Rxg5 Qe7 22.Qe3 Nef6 23.Be4 Rg8
24.Rag1 Nxe4 25.Nxe4 Nf6 26.Nfd2 Rxg5 27.Qxg5 Rf8 28.Nxf6 Qxf6 29.Qxf6+ Rxf6
30.Ne4  1-0

[Event "Boavista Challenge"]
[Site "Porto"]
[Date "1998.12.08"]
[Round "6"]
[White "Ferreira, Paolo"]
[Black "Guimaraes, Jorge"]
[Result "1/2-1/2"]
[WhiteElo "2205"]
[BlackElo "2305"]

1.d4 Nf6 2.c4 e6 3.Nf3 b6 4.a3 Bb7 5.Nc3 d5 6.Bg5 Be7 7.Bxf6 Bxf6 8.e3 O-O
9.cxd5 exd5 10.Be2 c5 11.O-O Nc6 12.Qa4 cxd4 13.Nxd4 a6 14.Rfd1 b5 15.Qc2 g6  1/2-1/2

[Event "Young Masters 6th"]
[Site "Loures"]
[Date "1998.12.09"]
[Round "8"]
[White "Matamoros Franco, Carlos S"]
[Black "Carvalho, Alda"]
[Result "1-0"]
[WhiteElo "2450"]
[BlackElo "2110"]

1.d4 Nf6 2.c4 e6 3.Nf3 b6 4.a3 Bb7 5.Nc3 Be7 6.d5 d6 7.e4 c5 8.Bd3 e5 9.b4 Bc8
10.bxc5 bxc5 11.h3 Nbd7 12.Rb1 O-O 13.O-O Ba6 14.Nb5 Bxb5 15.cxb5 c4 16.Bc2 Qa5
17.a4 Rfc8 18.Ba3 Qc7 19.Re1 Nc5 20.Re3 Rab8 21.Nd2 Nb7 22.Rc3 Na5 23.Bb4 Bd8
24.Qe2 Qd7 25.Nxc4 Nxc4 26.Rxc4 Rxc4 27.Qxc4 Rc8 28.Qe2 Bb6 29.a5 Bd4 30.Bd3 Rb8
31.Rc1 Ne8 32.Qg4 Qb7 33.Rc6 Nc7 34.Bxd6  1-0

[Event "BL2-W9899"]
[Site "Germany"]
[Date "1998.12.13"]
[Round "3.3"]
[White "Riemersma, Liafbern"]
[Black "Lau, Ralf"]
[Result "1-0"]
[WhiteElo "2455"]
[BlackElo "2475"]

1.d4 Nf6 2.c4 e6 3.Nf3 b6 4.a3 Ba6 5.Qc2 Bb7 6.Nc3 c5 7.e4 cxd4 8.Nxd4 d6
9.Be2 Be7 10.O-O a6 11.f4 O-O 12.Bf3 Qc7 13.Be3 Nbd7 14.g4 Rfc8 15.g5 Ne8
16.Qf2 Nc5 17.Rad1 Bf8 18.f5 exf5 19.exf5 Bxf3 20.Qxf3 Nd7 21.b3 Ne5 22.Qh3 Qd8
23.Nd5 Rab8 24.g6 h6 25.gxf7+ Nxf7 26.Ne6 Qd7 27.Nxb6 Rxb6 28.Bxb6 Be7 29.Bd4 Bf6
30.Qg3 Qe7 31.Bxf6 Qxf6 32.Qg6 Qe7 33.Rf2 Nh8 34.Qg2 Rb8 35.Qd5  1-0

[Event "Oberliga Sued W9899"]
[Site "Wuertemberg"]
[Date "1998.12.13"]
[Round "4"]
[White "Gabriel, Robert"]
[Black "Latzke, Boris Alexander"]
[Result "1/2-1/2"]
[WhiteElo "2295"]
[BlackElo "2215"]

1.d4 Nf6 2.c4 e6 3.Nf3 b6 4.a3 Bb7 5.Nc3 d5 6.cxd5 Nxd5 7.Bd2 Be7 8.Qc2 O-O
9.e4 Nxc3 10.Bxc3 Nd7 11.Rd1 c6 12.Bd3 h6 13.O-O Rc8 14.b4 Qc7 15.Qb2 Rfd8
16.Bb1 Bf8 17.Rfe1 g6 18.h3 Bg7 19.Ba2 Nf8 20.Ne5 Nd7 21.Nc4 Rb8 22.Ne3 Rbc8
23.d5 Bxc3 24.Qxc3 cxd5 25.Qxc7 Rxc7 26.exd5 exd5 27.Nxd5 Bxd5 28.Bxd5 Kf8
29.Bf3 Re8 30.Rxe8+ Kxe8 31.Re1+ Kf8 32.Re3 Rc1+ 33.Kh2 Nf6 34.g3 h5 35.Kg2 Rc7
36.Bd1 Ne8 37.Rd3 Ke7 38.f4 Nd6 39.Kf3 Nf5 40.Ba4 Nd6 41.g4 hxg4+ 42.Kxg4 Rc1
43.Bd1 Nf5 44.Kf3 Rc4 45.Ba4 a5 46.Bb3 Nd4+ 47.Kg4 Nxb3 48.Rxb3 a4 49.Rd3 Rc1
50.Rd5 Rg1+ 51.Kh4 Ra1 52.Rb5 Rxa3 53.Rxb6 Rb3 54.b5 a3 55.Ra6 f6 56.Kg4 Rxb5
57.Rxa3 Kf7 58.Ra7+ Kg8 59.Rc7 Rd5 60.Ra7 Kf8 61.Rb7 Rd1 62.Ra7 Rg1+ 63.Kh4 Re1
64.Kg4 Re4 65.Kf3 Rb4  1/2-1/2

[Event "Clichy"]
[Site "Clichy"]
[Date "1998.12.20"]
[Round "9"]
[White "Relange, Eloi"]
[Black "Gross, David2"]
[Result "0-1"]
[WhiteElo "2490"]
[BlackElo "2340"]

1.d4 Nf6 2.Nf3 e6 3.c4 b6 4.a3 Ba6 5.Qc2 Bb7 6.Nc3 c5 7.e4 cxd4 8.Nxd4 Nc6
9.Nxc6 Bxc6 10.Bf4 Bc5 11.b4 Bd4 12.Rd1 e5 13.Bg5 O-O 14.Nd5 Bxd5 15.exd5 h6
16.Bh4 a5 17.Be2 axb4 18.axb4 Ra3 19.Qf5 Bc3+ 20.Kf1 d6 21.Bd3 Qc8 22.Bxf6 Qxf5
23.Bxf5 gxf6 24.h4 Bxb4 25.Rh3 Ra2 26.Rg3+ Kh8 27.Re3 Rfa8 28.Bb1 Ra1 29.g4 Bc5
30.Ree1 Kg7 31.Bd3 R1a3 32.h5 Rc3 33.Be2 Ra2 34.Rc1 Rh3 35.Kg2 Rb3 36.Kf1 Rh3
37.Kg2 Rha3 38.Kf1 f5 39.gxf5 Kf6 40.Rb1 Kxf5  0-1

[Event "Carlos Torre op 11th"]
[Site "Merida"]
[Date "1998.12.21"]
[Round "8"]
[White "Christiansen, Larry Mark"]
[Black "Frias, Victor J"]
[Result "1/2-1/2"]
[WhiteElo "2610"]
[BlackElo "2470"]

1.d4 Nf6 2.c4 e6 3.Nf3 b6 4.a3 c5 5.d5 exd5 6.cxd5 d6 7.e4 g6 8.Nc3 Bg7 9.h3 O-O
10.Bd3 Na6 11.O-O Nc7 12.Re1 Re8 13.Bf4 a6 14.Qd2 Nb5 15.Nxb5 axb5 16.Rad1 Bb7
17.Bh6 Bh8 18.Bxb5 Rxe4 19.Bg5 Qc7 20.Bxf6 Rxe1+ 21.Rxe1 Bxf6 22.Re4 Rf8
23.a4 Bc8 24.b3 Bf5 25.Re2 Bd7 26.Qd3 h5 27.Nd2 Bf5 28.Qf3 Kg7 29.Nc4 h4
30.Re1 Rd8 31.Bc6 Bc8 32.Qf4 Ba6 33.Nd2 Rh8 34.Nf3 Rh5 35.Re8 Bc8 36.Qc4 Bd7
37.Bxd7 Qxd7 38.Re1 Qb7 39.Rd1 Qa8 40.Rd3 Qb7 41.Kf1 Qa8 42.Kg1 Qb7 43.Kf1  1/2-1/2

[Event "Danube op"]
[Site "Aschach"]
[Date "1998.12.27"]
[Round "3"]
[White "Stanec, Nikolaus"]
[Black "Hellmayr, Alois"]
[Result "1-0"]
[WhiteElo "2495"]
[BlackElo "2240"]

1.d4 Nf6 2.c4 e6 3.Nf3 b6 4.a3 d5 5.Nc3 Bb7 6.Bg5 Be7 7.Rc1 O-O 8.cxd5 exd5
9.e3 c6 10.Bd3 Nbd7 11.O-O Ne4 12.Bf4 f5 13.Ne5 Nxe5 14.Bxe5 Bd6 15.f4 Bxe5
16.fxe5 Qg5 17.Rf3 c5 18.Ne2 c4 19.Bxe4 fxe4 20.Rf4 b5 21.Qd2 a5 22.Rcf1 Rxf4
23.exf4 Qh6 24.Ng3 Bc8 25.Rf2 Ra7 26.Nf1 g6 27.Ne3 Be6 28.Rf1 Qf8 29.g4 Rf7
30.Qf2 b4 31.axb4 Qxb4 32.f5 c3 33.bxc3 Qxc3 34.Rb1 Rf8 35.Qg3 Bf7 36.e6 Qxd4
37.exf7+ Rxf7 38.Rd1 Qb6 39.Rxd5 a4 40.Rd6 Qa5 41.fxg6 hxg6 42.Rxg6+ Kh7
43.Rd6 Qg5 44.Rd5 Qf6 45.g5 Qb6 46.Kh1 Kg8 47.g6 Rg7 48.Nf5 Rd7 49.Qe3  1-0

[Event "AUT-chT2O 9798"]
[Site "Austria"]
[Date "1998.??.17"]
[Round "8"]
[White "Miniboeck, Guenter"]
[Black "Farago, Ivan"]
[Result "0-1"]
[WhiteElo "2360"]
[BlackElo "2445"]

1.d4 Nf6 2.c4 e6 3.Nf3 b6 4.a3 Ba6 5.Qc2 Bb7 6.Nc3 c5 7.e4 cxd4 8.Nxd4 Bc5
9.Nb3 Nc6 10.Bf4 O-O 11.Nxc5 bxc5 12.Bd6 Nd4 13.Qd3 Re8 14.e5 Ng4 15.Ne4 Bxe4
16.Qxe4 Nb3 17.Rd1 Qa5+ 18.Ke2 f5 19.Qf4 Nd4+ 20.Rxd4 cxd4 21.Qxd4 Qa4 22.Kd2 Nh6
23.Bb4 Rab8 24.Bd3 Nf7 25.g4 Qc6 26.Rg1 Ng5 27.Be2 f4 28.Qxa7 Rb6 29.c5 Ne4+
30.Kc1 Nxc5 31.Bf3 Ne4+ 32.Kb1 Rxb4  0-1

[Event "UKR-chT"]
[Site "Alushta"]
[Date "1998.??.??"]
[Round "?"]
[White "Timoshenko, Georgy"]
[Black "Fedorchuk, Sergey A"]
[Result "1-0"]
[WhiteElo "2560"]
[BlackElo "2345"]

1.d4 Nf6 2.c4 e6 3.Nf3 b6 4.a3 Bb7 5.Nc3 Be7 6.d5 d6 7.g3 c6 8.dxe6 fxe6
9.Bg2 c5 10.O-O Qd7 11.e4 Nc6 12.Bh3 h5 13.Ng5 Nd4 14.Nb5 Ng4 15.Nxd4 cxd4
16.f3 Bxg5 17.Bxg5 Ne3 18.Bxe3 dxe3 19.Qe2 h4 20.Bg4 Qf7 21.Rad1 O-O-O 22.Qxe3 hxg3
23.hxg3 Rh6 24.Kg2 Qf6 25.Qd2 Rg6 26.Qd4 Qe7 27.Rh1 Kb8 28.Rh4 e5 29.Qe3 Bc8
30.Rdh1 Bxg4 31.Rxg4 Rxg4 32.fxg4 Qe6 33.Qg5 Rc8 34.b3 Rc7 35.Rh8+ Kb7 36.Qf5 Qe7
37.a4 Ka6 38.g5 Rd7 39.g6 Rd8 40.Rxd8 Qxd8 41.b4 Qa8 42.Kf3 Qh8 43.Ke3 Qd8
44.Kd3 Kb7 45.Qf7+ Qc7 46.c5 bxc5 47.bxc5 dxc5 48.Kc4 Ka6 49.Qe8 Qb6 50.Qb5+ Qxb5+
51.axb5+ Kb6 52.g4 Ka5 53.Kxc5 Ka4 54.g5 Ka5 55.Kd5 Kxb5 56.Ke6 a5 57.Kf7 a4
58.Kxg7 a3 59.Kf6 a2 60.g7 a1=Q 61.g8=Q Qd4 62.Qe8+ Kc4 63.Qxe5 Qd8+ 64.Kf7 Qd7+
65.Qe7  1-0

[Event "Paulisto-ch"]
[Site "Americana"]
[Date "1998.??.??"]
[Round "6"]
[White "Vescovi, Giovanni"]
[Black "Van Riemsdijk, Herman C"]
[Result "1-0"]
[WhiteElo "2480"]
[BlackElo "2375"]

1.d4 Nf6 2.Nf3 b6 3.c4 e6 4.a3 Bb7 5.Nc3 Ne4 6.Nxe4 Bxe4 7.Nd2 Bb7 8.e4 Qf6
9.d5 Bc5 10.Nf3 Qg6 11.b4 Qxe4+ 12.Be2 Be7 13.O-O exd5 14.Re1 dxc4 15.Bb2 Nc6
16.Rc1 O-O-O 17.b5 Na5 18.Bf1 Qf5 19.Rxe7 Qxb5 20.Rc2 Bd5 21.Re5 c6 22.Nd4 Qc5
23.Nf5 Rhe8 24.Bxc4 Nxc4 25.Rxc4 Rxe5 26.Rxc5 Rxf5 27.Rc1 Kb7 28.Qg4 g6 29.Re1 h5
30.Qh4 Rc8 31.Qe7 Be6 32.Rxe6 fxe6 33.Qxd7+ Rc7 34.Qxe6 Rb5 35.Qe2 Rd5 36.h4 Rf7
37.Be5 Re7 38.f4 Red7 39.Qe4  1-0

[Event "BEL-chT 9798"]
[Site "Antwerp"]
[Date "1998.??.??"]
[Round "9"]
[White "Bosboom, Manuel"]
[Black "Winants, Luc"]
[Result "1/2-1/2"]
[WhiteElo "2470"]
[BlackElo "2515"]

1.d4 Nf6 2.c4 e6 3.Nf3 b6 4.a3 c5 5.d5 Ba6 6.Qc2 exd5 7.cxd5 g6 8.Nc3 Bg7
9.g3 O-O 10.Bg2 d6 11.O-O b5 12.b4 Nbd7 13.Bb2 Rc8 14.Qb3 Nb6 15.Nd2 Nfd7
16.Rab1 Na4 17.Nxa4 bxa4 18.Qd1 Bxb2 19.Rxb2 cxb4 20.Rxb4 Nc5 21.Nf3 Qf6
22.Nd4 Rfe8 23.Bf3 Rc7 24.Rxa4 Nxa4 25.Qxa4 Rce7 26.Nc6 Bxe2 27.Nxe7+ Rxe7
28.Bxe2 Rxe2 29.Qxa7 Rd2 30.a4 Kg7 31.Qb7 Qd4 32.a5 Ra2 33.Qb5 h5 34.h4 Qa7
35.Qc6 Rxa5 36.Qxd6 Qd4  1/2-1/2